| 000 | 00933nas a2200313 4500 | ||
|---|---|---|---|
| 001 | BR0201172 | ||
| 003 | BR-BrBNA | ||
| 005 | 20231205102749.0 | ||
| 007 | ta | ||
| 008 | 230509b bl.|||p| |||| 00| 00por d | ||
| 040 |
_aBR-BrBNA _bpor _cBiblioteca Nacional de Agricultura |
||
| 041 | _a(Pt) | ||
| 072 | _aF62 | ||
| 100 | 1 | _aMenosso, O.G. | |
| 100 | 1 | _aCosta, J.A. | |
| 100 | 1 | _aAnghinon, I. | |
| 100 | 1 | _aBohnen, H. | |
| 245 | 1 | _aCrescimento radicular e produção de ácidos orgânicos em cultivares de soja com diferentes tolerâncias ao alumínio | |
| 650 | _aSOJA | ||
| 650 | _aRAIZ | ||
| 650 | _aCRESCIMENTO | ||
| 650 | _aÁCIDO CÍTRICO | ||
| 650 | _aALUMÍNIO | ||
| 650 | _aPH | ||
| 650 | _aVARIAÇÃO GENÉTICA | ||
| 773 | 0 |
_tPesquisa Agropecuária Brasileira (Brazil) _xISSN 0100-204X _g(Nov 2001), v. 36(11) p. 1339-1345 _wBR0201172 |
|
| 909 |
_a202311 _bLúcia _c55 _dLúcia Elande |
||
| 942 |
_2AGRIS _n0 _cANA |
||
| 999 |
_c169211 _d169211 |
||